000 00888cam a2200313 4500
001 2534600
003 ARRUPE
005 20150225165519.0
008 720905s1972 enkabcj b 001 0 eng
010 _a 72188454
015 _aB72-15695
020 _z0413279302
020 _a0413279502 :
035 _a(OCoLC)ocm00447620
035 _a(NNC)2534600
040 _aDLC
_cDLC
_dUKM
_dZCU
043 _af-sa---
050 0 _aDT766
_b.T76
082 _a916.8/03
100 1 _aTroup, Freda,
_d1911-2004.
_914916
245 1 0 _aSouth Africa,
_ban historical introduction.
260 _aLondon,
_bEyre Methuen Ltd.,
_c1972.
300 _axviii, 428, [16] p.
_billus., geneal. table, maps, ports.
_c23 cm.
500 _aIllus. on lining papers.
504 _aBibliography: p. [407]-410.
651 0 _aSouth Africa
_xHistory.
_914917
942 _2lcc
_cMONOGRAPH
999 _c121975
_d121975